Нормален изглед
MARC изглед
- Линдегрен, Александра Николаевна
Вход 01. Лично име
001 - Контролен номер на записа
- Контролно поле: 463283
003 - Код на организацията, даваща контролен номер
- Контролно поле: BLK
005 - Дата и час на последна промяна на записа
- Контролно поле: 20210825134714.0
008 - Данни с фиксирана дължина – обща информация
- Данни с фиксирана дължина : 210825|| aca||aabn | a|a d
100 ## - ИМЕ НА ЛИЦЕ -ПЪРВИЧНА ИНТЕЛЕКТУАЛНА ОТГОВОРНОСТ
- Лично име: Линдегрен, Александра Николаевна
942 ## - Системна служебна употреба
- Koha auth type: PERSO_NAME